[Event "Canadian Open"]
[Site "Ottawa CAN"]
[Date "2007.07.12"]
[EventDate "2007.07.07"]
[Round "7"]
[Result "1-0"]
[White "Lefong Hua"]
[Black "Kubra Ozturk"]
[WhiteElo "2323"]
[BlackElo "2153"]
[PlyCount "115"]

1. d4 d5 2. c4 c6 3. Nc3 Nf6 4. Nf3 a6 5. c5 Nbd7 6. Bf4 g6
7. h3 Bg7 8. Qc2 b6 9. cxb6 Qxb6 10. Rc1 Bb7 11. a3 Rc8 12. e3
O-O 13. Na4 Qa7 14. Bd3 a5 15. Nc5 Qb6 16. O-O Rfd8 17. Qb3
Qxb3 18. Nxb3 Ra8 19. Bc7 Rdc8 20. Bxa5 Ne4 21. Bb4 c5
22. Nxc5 Ndxc5 23. Bxc5 Nxc5 24. Rxc5 Rxc5 25. dxc5 Bxb2
26. Rb1 Bxa3 27. Rxb7 Bxc5 28. Rb5 Rc8 29. Bf1 Rc7 30. Nd4 e6
31. Rb8+ Kg7 32. Nb5 Rd7 33. Rc8 Bb6 34. Rc6 Rb7 35. g3 Bd8
36. Kg2 g5 37. Kf3 h5 38. Rc8 Rd7 39. Nd4 Bf6 40. Nc6 Rb7
41. Rb8 Rc7 42. Bb5 Bc3 43. Ba4 Bf6 44. Ke2 Bc3 45. Kf3 Bf6
46. Kg2 Bc3 47. Ra8 Bf6 48. Ra7 Rxa7 49. Nxa7 d4 50. e4 e5
51. Nc6 Kg6 52. Kf3 Kg7 53. Bb3 Kg6 54. Ke2 Kg7 55. Bc2 h4
56. gxh4 gxh4 57. Kf3 Kg6 58. Kg4 1-0

[Event "Canadian Open"]
[Site "Ottawa CAN"]
[Date "2007.07.15"]
[EventDate "2007.07.07"]
[Round "10"]
[Result "1-0"]
[White "Kubra Ozturk"]
[Black "Michael Dougherty"]
[WhiteElo "2153"]
[BlackElo "2211"]
[PlyCount "75"]

1. d4 g6 2. Nf3 Bg7 3. g3 c5 4. c3 cxd4 5. cxd4 Nf6 6. Bg2 O-O
7. Nc3 d6 8. O-O Nc6 9. d5 Nb4 10. a3 Na6 11. Be3 Nc7 12. Bd4
e5 13. dxe6 fxe6 14. e4 e5 15. Be3 Be6 16. Qd2 Bb3 17. Qd3 Ng4
18. Nb5 Bf7 19. Nxd6 Ne6 20. Rfd1 Nxe3 21. Qxe3 Nd4 22. Nb5
Qb6 23. Nbxd4 exd4 24. Nxd4 Rad8 25. e5 Rfe8 26. f4 Qxb2
27. Rab1 Qa2 28. Rxb7 Bf8 29. Qc3 Bd5 30. Rd2 Qxa3 31. Bxd5+
Rxd5 32. Qxa3 Bxa3 33. Nb3 Bc5+ 34. Nxc5 Rxd2 35. Ne4 Rd1+
36. Kg2 Rc8 37. Nf6+ Kf8 38. e6 1-0

[Event "European Club Cup (Women)"]
[Site "Antalya TUR"]
[Date "2007.10.03"]
[EventDate "2007.10.03"]
[Round "1"]
[Result "0-1"]
[White "Kubra Ozturk"]
[Black "Natalia Zhukova"]
[WhiteElo "2153"]
[BlackElo "2452"]
[PlyCount "128"]

1. d4 d5 2. c4 c6 3. Nf3 dxc4 4. a4 Nf6 5. Nc3 Bf5 6. e3 e6
7. Bxc4 Bb4 8. O-O O-O 9. Qe2 Nbd7 10. Rd1 Qa5 11. Bd2 Bg6
12. e4 Rac8 13. Qe1 c5 14. d5 Nb6 15. Ne5 exd5 16. Nxg6 hxg6
17. Bxd5 Nfxd5 18. exd5 Rfe8 19. Qf1 Nxd5 20. Qb5 Nb6 21. Qxa5
Bxa5 22. Nb5 Bxd2 23. Rxd2 Re6 24. g3 a6 25. Nd6 Rd8 26. Rad1
Nxa4 27. Nxb7 Rxd2 28. Rxd2 Re7 29. Na5 Nb6 30. Kg2 c4 31. Rd4
Rc7 32. Rd8+ Kh7 33. Rb8 Nd5 34. Rd8 Nb6 35. Rb8 Nd5 36. Rd8
c3 37. bxc3 Nxc3 38. Rd6 Ne4 39. Rd4 Nc5 40. Rc4 Ne6 41. Ra4
g5 42. Nb3 Rc3 43. Nd2 Nc5 44. Ra2 g4 45. Nf1 f5 46. Ne3 g6
47. h3 gxh3+ 48. Kxh3 Rc1 49. Nd5 Nd3 50. Kg2 Rc5 51. Nf6+ Kg7
52. Rxa6 Rc2 53. Ne8+ Kf8 54. Re6 Nxf2 55. Nd6 Kg7 56. Kf3 Nh3
57. Re1 Rc6 58. Nb5 Ng5+ 59. Kf4 Rc4+ 60. Ke3 Rg4 61. Rg1 f4+
62. Kf2 Nh3+ 63. Kf3 Nxg1+ 64. Kxg4 f3 0-1

[Event "European Club Cup (Women)"]
[Site "Antalya TUR"]
[Date "2007.10.04"]
[EventDate "2007.10.03"]
[Round "2"]
[Result "0-1"]
[White "Fiona Steil-Antoni"]
[Black "Kubra Ozturk"]
[WhiteElo "2065"]
[BlackElo "2153"]
[PlyCount "62"]

1. e4 e5 2. Bc4 Nf6 3. d3 Nc6 4. Nc3 Bc5 5. f4 d6 6. Nf3 Ng4
7. Qe2 Bf2+ 8. Kf1 Nd4 9. Nxd4 Bxd4 10. f5 Nf2 11. Qh5 g6
12. Qh6 Ng4 13. Qg7 Rf8 14. h4 c6 15. Bg5 Qc7 16. Ke2 gxf5
17. exf5 d5 18. Bb3 Bxf5 19. Raf1 Be6 20. Ne4 h5 21. Nf6+ Nxf6
22. Bxf6 Bxb2 23. Rf4 exf4 24. Bxb2 O-O-O 25. Be5 Qb6 26. Bxf4
Bg4+ 27. Kf1 Rde8 28. d4 Rg8 29. Qf6 Qd8 30. Qh6 Rg6 31. Qh7
Qf6 0-1

[Event "European Club Cup (Women)"]
[Site "Antalya TUR"]
[Date "2007.10.05"]
[EventDate "2007.10.03"]
[Round "3"]
[Result "1-0"]
[White "Zhao Xue"]
[Black "Kubra Ozturk"]
[WhiteElo "2500"]
[BlackElo "2153"]
[PlyCount "141"]

1. d4 Nf6 2. c4 e6 3. Nc3 Bb4 4. Qc2 O-O 5. a3 Bxc3+ 6. Qxc3
b6 7. Nf3 Bb7 8. e3 d6 9. Be2 Nbd7 10. O-O Qe7 11. b4 Ne4
12. Qb3 f5 13. Ne1 a5 14. f3 Ng5 15. bxa5 Rxa5 16. Bd2 Raa8
17. Nd3 Kh8 18. a4 e5 19. dxe5 dxe5 20. Nb4 Nc5 21. Qc2 Nge6
22. Rfd1 Qe8 23. a5 bxa5 24. Nd5 a4 25. Bc3 e4 26. f4 Qf7
27. Bb4 Rfd8 28. Nc3 Bc6 29. Nb5 Bb7 30. Qc3 Nb3 31. Rxd8+
Nxd8 32. Rd1 Ne6 33. Ba3 Bc6 34. Bb2 Rd8 35. Rxd8+ Nxd8
36. Qb4 Ne6 37. Qxa4 Nbc5 38. Qa7 h6 39. Bc3 Qd7 40. Ba5 Nb3
41. Bb4 Nc1 42. Bf1 Nd3 43. Ba5 Bxb5 44. Qb8+ Kh7 45. Qxb5
Qxb5 46. cxb5 Kg6 47. Be2 Nec5 48. g4 Nb7 49. Bc3 Nd6 50. Be5
Ne8 51. h3 fxg4 52. hxg4 Kf7 53. Kg2 Nc5 54. Kg3 Nd3 55. Bxd3
exd3 56. Kf3 Ke6 57. e4 g5 58. Ke3 Nf6 59. Kxd3 Nxg4 60. Bxc7
Kd7 61. Bb8 gxf4 62. Bxf4 h5 63. Bg3 Kc8 64. Kd4 Kb7 65. e5 h4
66. Bf4 Kb6 67. Kc4 h3 68. e6 Nf6 69. e7 Ne8 70. Be5 Kb7
71. Kc5 1-0

[Event "European Club Cup (Women)"]
[Site "Antalya TUR"]
[Date "2007.10.06"]
[EventDate "2007.10.03"]
[Round "4"]
[Result "1/2-1/2"]
[White "Kubra Ozturk"]
[Black "Marlies Bensdorp"]
[WhiteElo "2174"]
[BlackElo "2263"]
[PlyCount "88"]

1. d4 d5 2. c4 c6 3. e3 Nf6 4. Nc3 e6 5. Nf3 Nbd7 6. Qc2 Bd6
7. e4 dxe4 8. Nxe4 Nxe4 9. Qxe4 Nf6 10. Qh4 h6 11. Bd2 c5
12. Bc3 cxd4 13. Nxd4 a6 14. Be2 Qe7 15. a3 e5 16. Nf3 O-O
17. O-O Re8 18. Rad1 Bf5 19. b4 Rac8 20. Rfe1 Bb8 21. h3 Qc7
22. g3 Qc6 23. Nd2 Rcd8 24. Bf3 Qc8 25. Ne4 Nxe4 26. Rxd8 Qxd8
27. Qxd8 Rxd8 28. Bxe4 Bxe4 29. Rxe4 f5 30. Re2 e4 31. Kg2 Rd3
32. Rd2 Rxd2 33. Bxd2 Be5 34. f3 Kf7 35. g4 Ke6 36. a4 Bd4
37. fxe4 fxe4 38. Bf4 Bc3 39. b5 axb5 40. axb5 Bd4 41. h4 Kf6
42. h5 Ke6 43. Kf1 Kf6 44. Ke2 Ke6 1/2-1/2

[Event "European Club Cup (Women)"]
[Site "Kemer TUR"]
[Date "2007.10.07"]
[EventDate "2007.10.03"]
[Round "5"]
[Result "1-0"]
[White "Kubra Ozturk"]
[Black "Emine Yanik"]
[WhiteElo "2174"]
[BlackElo "2069"]
[PlyCount "91"]

1. d4 d5 2. c4 c6 3. e3 Nf6 4. Nc3 e6 5. Nf3 Nbd7 6. Qc2 Bd6
7. e4 dxe4 8. Nxe4 Nxe4 9. Qxe4 Nf6 10. Qh4 Qa5+ 11. Bd2 Bb4
12. a3 Bxd2+ 13. Nxd2 Qf5 14. O-O-O Qg4 15. Qxg4 Nxg4 16. Ne4
O-O 17. Be2 Nh6 18. Nd6 Rd8 19. c5 Nf5 20. Nxf5 exf5 21. Kc2
Be6 22. Kc3 Bd5 23. Rhg1 Re8 24. Rd2 Re7 25. Bc4 Rd8 26. Bd3
g6 27. b3 Rde8 28. Bc4 Rd8 29. Bxd5 Rxd5 30. Rb1 Rc7 31. b4 b6
32. a4 Kf8 33. Kc4 Rd8 34. d5 cxd5+ 35. Rxd5 Rdc8 36. Rbd1 Ke7
37. Kb5 bxc5 38. Rxc5 Rb8+ 39. Kc4 Rcb7 40. b5 Ra8 41. a5 Rab8
42. Rd2 Ke8 43. Rd6 Ke7 44. Rdc6 Kd7 45. a6 Rb6 46. Rc7+ 1-0

[Event "European Club Cup (Women)"]
[Site "Kemer TUR"]
[Date "2007.10.09"]
[EventDate "2007.10.03"]
[Round "7"]
[Result "1/2-1/2"]
[White "Ozlem Gencer"]
[Black "Kubra Ozturk"]
[WhiteElo "1940"]
[BlackElo "2174"]
[PlyCount "41"]

1. e4 e5 2. Bc4 Nf6 3. d3 Nc6 4. Nf3 Be7 5. O-O O-O 6. Re1 d6
7. h3 Kh8 8. c3 Na5 9. Bb5 a6 10. Ba4 b5 11. Bc2 c5 12. d4 Qc7
13. d5 Ng8 14. Nbd2 c4 15. Nf1 Nb7 16. Ng3 a5 17. Nh2 b4
18. Ng4 g6 19. Ne3 Bd7 20. Rf1 f6 21. Bd2 1/2-1/2

[Event "European Team Chess Championships (Women)"]
[Site "Crete GRE"]
[Date "2007.10.28"]
[EventDate "2007.10.28"]
[Round "1"]
[Result "0-1"]
[White "Kubra Ozturk"]
[Black "Ticia Gara"]
[WhiteElo "2174"]
[BlackElo "2324"]
[PlyCount "94"]

1. d4 Nf6 2. c4 g6 3. Nf3 Bg7 4. g3 d5 5. cxd5 Nxd5 6. Bg2 Nb6
7. Nc3 Nc6 8. e3 O-O 9. O-O Re8 10. Re1 e5 11. d5 Na5 12. e4
c6 13. Bg5 f6 14. Be3 Nac4 15. Bxb6 Nxb6 16. Qb3 Kh8 17. Rad1
Qe7 18. a4 Bf8 19. a5 Nd7 20. d6 Qe6 21. Qxe6 Rxe6 22. Bh3 Re8
23. b4 Rd8 24. Rd3 b6 25. Red1 bxa5 26. Bxd7 Bxd7 27. bxa5
Rab8 28. Ne1 Be6 29. Ng2 Bc4 30. R3d2 Rb3 31. Na4 Rb5 32. Nc3
Rxa5 33. Ne3 Be6 34. Kg2 Ra3 35. Rd3 Kg7 36. f4 Rb3 37. f5 Bf7
38. d7 Bb4 39. Ne2 Rxd3 40. Rxd3 Kf8 41. Nc2 a5 42. Nxb4 axb4
43. Rd6 c5 44. Rxf6 Ke7 45. Rc6 c4 46. Rb6 b3 47. f6+ Kxd7 0-1

[Event "European Team Chess Championships (Women)"]
[Site "Crete GRE"]
[Date "2007.10.29"]
[EventDate "2007.10.28"]
[Round "2"]
[Result "0-1"]
[White "Barbara Schink"]
[Black "Kubra Ozturk"]
[WhiteElo "2031"]
[BlackElo "2174"]
[PlyCount "92"]

1. e4 e5 2. Nf3 Nc6 3. Bb5 a6 4. Ba4 Nf6 5. O-O b5 6. Bb3 Be7
7. Re1 d6 8. c3 Bg4 9. h3 Bh5 10. d3 O-O 11. Nbd2 Na5 12. Bc2
c5 13. Nf1 Re8 14. Ng3 Bg6 15. d4 cxd4 16. cxd4 Nc6 17. d5 Nb4
18. Bb1 a5 19. a3 Na6 20. Bd3 Qd7 21. Qe2 Reb8 22. Be3 Qb7
23. Rec1 Nd7 24. b4 axb4 25. axb4 Nxb4 26. Rxa8 Qxa8 27. Bxb5
Nf6 28. Bd2 Qa5 29. Bc6 Qa3 30. Rc3 Qb2 31. Qc4 Nxe4 32. Nxe4
Qb1+ 33. Kh2 Qxe4 34. Qf1 Nd3 35. Be3 Qb4 36. Qa1 h6 37. Ra3
Qb2 38. Nd2 Qxa1 39. Rxa1 Rb2 40. Ra8+ Kh7 41. Re8 Bh4 42. Nc4
Rc2 43. Nxd6 f5 44. Re6 f4 45. Bb6 Nxf2 46. Rxe5 Bg3+ 0-1

[Event "European Team Chess Championships (Women)"]
[Site "Crete GRE"]
[Date "2007.10.30"]
[EventDate "2007.10.28"]
[Round "3"]
[Result "0-1"]
[White "Kubra Ozturk"]
[Black "Dafnae Trujillo Delgado"]
[WhiteElo "2174"]
[BlackElo "2243"]
[PlyCount "82"]

1. d4 Nf6 2. Nf3 c5 3. c4 cxd4 4. Nxd4 g6 5. g3 Bg7 6. Bg2 Nc6
7. Nc3 O-O 8. O-O Nxd4 9. Qxd4 d6 10. Qd3 a6 11. e4 Be6
12. Bd2 Rb8 13. a4 Nd7 14. Qe2 Qc8 15. b3 b5 16. cxb5 Bxb3
17. Rfc1 axb5 18. axb5 Bc4 19. Qe3 Nc5 20. Bf1 Bxf1 21. Rxf1
Qe6 22. Ra7 Bxc3 23. Bxc3 Rxb5 24. e5 d5 25. Bd4 Nb3 26. Rd1
Nxd4 27. Qxd4 Rfb8 28. Kg2 Kg7 29. Rd2 h5 30. h4 Rc8 31. Qf4
Rb1 32. Qg5 Re8 33. Qf4 Qb6 34. Qa4 Rb5 35. Ra6 Qb8 36. e6 f6
37. Ra8 Qxa8 38. Qxb5 Rd8 39. Rd4 Rd6 40. Qc5 Qg8 41. Rxd5 Qa8
0-1

[Event "European Team Chess Championships (Women)"]
[Site "Crete GRE"]
[Date "2007.10.31"]
[EventDate "2007.10.28"]
[Round "4"]
[Result "1/2-1/2"]
[White "Khayala Isgandarova"]
[Black "Kubra Ozturk"]
[WhiteElo "2188"]
[BlackElo "2174"]
[PlyCount "82"]

1. e4 e5 2. Nf3 Nc6 3. d4 exd4 4. c3 Nf6 5. e5 Nd5 6. cxd4
Bb4+ 7. Bd2 Bxd2+ 8. Qxd2 d6 9. Nc3 Nxc3 10. Qxc3 O-O 11. Be2
Be6 12. O-O Bd5 13. Rad1 Qd7 14. Bc4 Bxc4 15. Qxc4 Rad8
16. Qb3 Rfe8 17. d5 Nxe5 18. Nxe5 dxe5 19. Qxb7 a5 20. Qa6 a4
21. Rd2 Ra8 22. Qc4 h6 23. Rc1 Red8 24. h3 Ra5 25. Qxc7 Qxc7
26. Rxc7 Raxd5 27. Rxd5 Rxd5 28. Rc4 Rd1+ 29. Kh2 Rd2 30. Rxa4
Rxb2 31. f3 Kh7 32. Ra6 f6 33. a4 Ra2 34. Ra5 Kg6 35. Ra8 f5
36. a5 e4 37. fxe4 fxe4 38. a6 e3 39. Kg3 e2 40. Kf2 Kg5
41. g3 Kg6 1/2-1/2

[Event "European Team Chess Championships (Women)"]
[Site "Crete GRE"]
[Date "2007.11.03"]
[EventDate "2007.10.28"]
[Round "6"]
[Result "1/2-1/2"]
[White "Kubra Ozturk"]
[Black "Bella Atnilov"]
[WhiteElo "2174"]
[BlackElo "2170"]
[PlyCount "102"]

1. d4 d5 2. Nf3 Nf6 3. c4 c6 4. Qc2 dxc4 5. Qxc4 Bf5 6. Nc3 e6
7. g3 Nbd7 8. Bg2 Rc8 9. Qb3 Qb6 10. O-O Be7 11. Re1 Qxb3
12. axb3 a6 13. e4 Bg4 14. Bd2 Bxf3 15. Bxf3 e5 16. Be3 O-O
17. Red1 Rfd8 18. Kf1 Kf8 19. Ke2 exd4 20. Bxd4 Nc5 21. Bxc5
Bxc5 22. Na4 Ba7 23. b4 Re8 24. Nc3 Bb8 25. Kd3 Rcd8+ 26. Kc2
Be5 27. Na4 Rd4 28. Rxd4 Bxd4 29. Rf1 Ba7 30. Nc3 Rd8 31. Rd1
Rxd1 32. Nxd1 Ke7 33. Kd3 Nd7 34. Be2 Ke6 35. Ne3 Bxe3
36. Kxe3 Kd6 37. f4 c5 38. e5+ Ke7 39. bxc5 Nxc5 40. b4 Nd7
41. Kd4 f6 42. Bg4 fxe5+ 43. fxe5 b6 44. Bf5 g6 45. Bc2 a5
46. bxa5 bxa5 47. g4 Nb6 48. Kc5 Nd7+ 49. Kd4 Nb6 50. Kc5 Nd7+
51. Kd4 Nb6 1/2-1/2

[Event "European Team Chess Championships (Women)"]
[Site "Crete GRE"]
[Date "2007.11.04"]
[EventDate "2007.10.28"]
[Round "7"]
[Result "1/2-1/2"]
[White "Sari Rautanen"]
[Black "Kubra Ozturk"]
[WhiteElo "1961"]
[BlackElo "2174"]
[PlyCount "81"]

1. Nf3 Nf6 2. c4 c5 3. Nc3 d5 4. cxd5 Nxd5 5. d4 e6 6. g3 cxd4
7. Nxd4 Bc5 8. Bg2 Nxc3 9. bxc3 O-O 10. O-O Qc7 11. Qb3 a6
12. Rb1 e5 13. Nf3 Nc6 14. Rd1 Rb8 15. e4 Be6 16. Qc2 h6
17. Nh4 b5 18. Nf5 Rfd8 19. Be3 Bf8 20. Qe2 Na5 21. Rbc1 Nc4
22. h4 Kh7 23. h5 Rxd1+ 24. Rxd1 Nxe3 25. Nxe3 Qxc3 26. Nd5
Qa3 27. Bf3 Rc8 28. Kg2 Qc5 29. Bg4 Qc2 30. Rd2 Qc6 31. Qf3 b4
32. Bf5+ Kh8 33. Qg4 Re8 34. Ne3 Bxf5 35. Qxf5 Qe6 36. Qxe6
Rxe6 37. Rd8 Kg8 38. Nd5 g6 39. hxg6 fxg6 40. Nxb4 Rb6 41. Nd3
1/2-1/2

[Event "European Team Chess Championships (Women)"]
[Site "Crete GRE"]
[Date "2007.11.05"]
[EventDate "2007.10.28"]
[Round "8"]
[Result "0-1"]
[White "Kubra Ozturk"]
[Black "Tatjana Lematschko"]
[WhiteElo "2174"]
[BlackElo "2189"]
[PlyCount "136"]

1. d4 Nf6 2. Nf3 e6 3. c4 c5 4. d5 exd5 5. cxd5 Bd6 6. Nc3 Bc7
7. e4 d6 8. Bd3 a6 9. a4 Nbd7 10. O-O O-O 11. h3 Re8 12. Bf4
Nf8 13. Re1 Ng6 14. Bh2 Nd7 15. Bf1 Nde5 16. Nd2 f6 17. f4 Nf7
18. Qc2 Bd7 19. Nf3 Rb8 20. Bd3 Nf8 21. Qe2 Ng6 22. Qf1 Rf8
23. Bg3 Qe8 24. Nd1 b5 25. axb5 axb5 26. b3 Qd8 27. Ne3 Ba5
28. Re2 Bc3 29. Rc1 Ba5 30. Ra2 Re8 31. h4 Bb6 32. Re1 Ba5
33. Ree2 Bb4 34. h5 Nf8 35. Be1 Bxe1 36. Rxe1 Qb6 37. Qf2 Ra8
38. Rea1 Rxa2 39. Rxa2 Nh6 40. f5 Rb8 41. Ra1 Be8 42. g4 Nf7
43. Ng2 Nd7 44. Nf4 Nfe5 45. Nxe5 Nxe5 46. Be2 Qb7 47. Ne6 Ra8
48. Rxa8 Qxa8 49. h6 gxh6 50. Qe3 Nf7 51. Qc3 Ne5 52. Qe3 Qa1+
53. Kg2 Qb2 54. Kg3 Nf7 55. Nc7 Qe5+ 56. Qf4 Qe7 57. Ne6 Ng5
58. Bd3 h5 59. gxh5 h6 60. Qg4 Qa7 61. Qe2 c4 62. bxc4 Qg1+
63. Kh4 Qh1+ 64. Kg3 bxc4 65. Bxc4 Qh3+ 66. Kf2 Bxh5 67. Qd3
Qh4+ 68. Ke3 Qe1+ 0-1

[Event "European Individual Championship (Women)"]
[Site "Plovdiv BUL"]
[Date "2008.04.21"]
[EventDate "2008.04.21"]
[Round "1"]
[Result "1-0"]
[White "Sopio Gvetadze"]
[Black "Kubra Ozturk"]
[WhiteElo "2350"]
[BlackElo "2169"]
[PlyCount "77"]

1. e4 e5 2. Nc3 Nf6 3. g3 Bc5 4. Bg2 Nc6 5. d3 d6 6. h3 O-O
7. Nge2 Be6 8. Nd5 Ne8 9. Be3 f5 10. exf5 Bxf5 11. Bxc5 dxc5
12. Ne3 Be6 13. Nc3 Nd6 14. Bxc6 bxc6 15. Qe2 Nb5 16. Nxb5
cxb5 17. Ng4 Bd5 18. O-O e4 19. Qe3 exd3 20. cxd3 Qd6 21. f4
Be6 22. Rac1 c4 23. dxc4 Bxc4 24. Rf2 Bd5 25. Ne5 c6 26. Rd2
Qe6 27. Kh2 Rf6 28. a3 Rh6 29. h4 Qe7 30. Ng4 Re6 31. Ne5 Rh6
32. Qf2 Rf8 33. Re1 Re6 34. Rde2 Qc7 35. Qc5 Rfe8 36. Re3 Qe7
37. Qd4 Qc7 38. b4 Qb6 39. Qd2 1-0

[Event "European Individual Championship (Women)"]
[Site "Plovdiv BUL"]
[Date "2008.04.22"]
[EventDate "2008.04.21"]
[Round "2"]
[Result "1-0"]
[White "Kubra Ozturk"]
[Black "Elena Levushkina"]
[WhiteElo "2169"]
[BlackElo "2291"]
[PlyCount "189"]

1. d4 Nf6 2. Nf3 g6 3. c4 Bg7 4. g3 O-O 5. Bg2 d6 6. Nc3 Nbd7
7. O-O e5 8. e4 exd4 9. Nxd4 Re8 10. h3 a6 11. Be3 Rb8 12. Re1
c5 13. Nc2 Ne5 14. Qe2 Be6 15. b3 Qd7 16. Rad1 Bxh3 17. Bxc5
Bf8 18. Bd4 h5 19. Ne3 Bxg2 20. Kxg2 Bg7 21. Ned5 Nh7 22. Nf4
Ng5 23. Bxe5 Rxe5 24. Qd3 Ree8 25. Ncd5 Qc6 26. f3 Rbd8
27. Qe3 Qc5 28. Nxh5 Qxe3 29. Nhf6+ Kf8 30. Rxe3 Re6 31. Ng4
f5 32. exf5 gxf5 33. Rxe6 Nxe6 34. Nge3 Nd4 35. Nf4 Kf7
36. Rd2 Re8 37. Nc2 Ne6 38. Nxe6 Rxe6 39. Kf2 Rh6 40. f4 Bc3
41. Re2 b5 42. Kf3 bxc4 43. bxc4 Bf6 44. Ne3 Rh5 45. Nd5 Rh1
46. Rd2 Be7 47. Ne3 Ke6 48. Rd5 Rc1 49. Ra5 Bf6 50. Ke2 Bd4
51. Nxf5 Bc5 52. Ne3 Rc3 53. f5+ Kf7 54. Nd5 Rxc4 55. Rxa6 Rd4
56. Nf4 Kf6 57. Ne6 Rc4 58. Kd3 Rc1 59. g4 Ke5 60. Ra4 Rd1+
61. Ke2 Rg1 62. Ng5 Rc1 63. Nf3+ Kf6 64. Ra8 Rc3 65. Re8 Rc2+
66. Kd3 Rxa2 67. Re6+ Kg7 68. Rg6+ Kf8 69. Ng5 Ra3+ 70. Ke4
Ra4+ 71. Kd5 Be3 72. Ne6+ Kf7 73. Kxd6 Bc1 74. Nd8+ Kf8
75. Nc6 Ra6 76. Kd7 Ra4 77. Ke6 Ra6 78. Kd5 Ra4 79. Nd4 Ra5+
80. Ke4 Ra4 81. Rb6 Kf7 82. Ke5 Ra5+ 83. Nb5 Bb2+ 84. Ke4 Ra4+
85. Kf3 Bc1 86. Nd6+ Ke7 87. Ne4 Ra3+ 88. Kg2 Ra4 89. Re6+ Kf7
90. g5 Bb2 91. Kf3 Ra5 92. Nd6+ Kf8 93. f6 Ra8 94. f7 Ra3+
95. Ke2 1-0

[Event "European Individual Championship (Women)"]
[Site "Plovdiv BUL"]
[Date "2008.04.24"]
[EventDate "2008.04.21"]
[Round "4"]
[Result "1/2-1/2"]
[White "Kubra Ozturk"]
[Black "Maria Komiagina"]
[WhiteElo "2169"]
[BlackElo "2285"]
[PlyCount "73"]

1. d4 Nf6 2. c4 g6 3. Nf3 Bg7 4. g3 d6 5. Bg2 O-O 6. Nc3 Nc6
7. O-O a6 8. e4 Bg4 9. Be3 Nd7 10. Ne2 e5 11. d5 Ne7 12. Nd2
Bxe2 13. Qxe2 f5 14. exf5 Nxf5 15. Ne4 Qe7 16. Rac1 b6 17. Qd2
a5 18. h4 Nc5 19. b3 Kh8 20. Ng5 Nxe3 21. Qxe3 Bh6 22. f4 Rae8
23. Rce1 Bg7 24. Bh3 h6 25. Ne6 Nxe6 26. dxe6 exf4 27. Rxf4
Rxf4 28. Qxf4 Rf8 29. Qe4 Rf6 30. Bf1 Rf5 31. Bd3 Re5 32. Qa8+
Kh7 33. Rxe5 Bxe5 34. Qc8 Kg7 35. Kg2 Bd4 36. Be4 h5 37. Qd7
1/2-1/2

[Event "European Individual Championship (Women)"]
[Site "Plovdiv BUL"]
[Date "2008.04.25"]
[EventDate "2008.04.21"]
[Round "5"]
[Result "1/2-1/2"]
[White "Svetlana Cherednichenko"]
[Black "Kubra Ozturk"]
[WhiteElo "2270"]
[BlackElo "2169"]
[PlyCount "91"]

1. d4 d5 2. Nf3 Nf6 3. e3 e6 4. Bd3 a6 5. O-O Be7 6. Nbd2 O-O
7. b3 Nbd7 8. Bb2 c5 9. Ne5 Qc7 10. f4 b5 11. c4 bxc4 12. bxc4
cxd4 13. exd4 dxc4 14. Ndxc4 Nb6 15. Qe2 Na4 16. Rac1 Nxb2
17. Qxb2 Rb8 18. Qf2 g6 19. Qg3 Kg7 20. f5 Nh5 21. Qg4 exf5
22. Bxf5 Bxf5 23. Rxf5 Nf6 24. Qg3 Rbd8 25. Rff1 Ne4 26. Qb3
Rxd4 27. Nf3 Rdd8 28. Kh1 Qc5 29. Qb7 Nf2+ 30. Rxf2 Qxf2
31. Qxe7 Rfe8 32. Qg5 Rc8 33. Qd5 Rc5 34. Qd3 Re2 35. Rg1 Rxa2
36. Ne3 Qb2 37. Qd6 Rc1 38. Qe7 h6 39. h3 Rxg1+ 40. Nxg1 Ra1
41. Kh2 Qf6 42. Qc7 Ra2 43. Nd5 Qb2 44. Nf4 Qf6 45. Nd5 Qb2
46. Nf4 1/2-1/2

[Event "European Individual Championship (Women)"]
[Site "Plovdiv BUL"]
[Date "2008.04.26"]
[EventDate "2008.04.21"]
[Round "6"]
[Result "0-1"]
[White "Kubra Ozturk"]
[Black "Joanna Worek"]
[WhiteElo "2169"]
[BlackElo "2244"]
[PlyCount "160"]

1. d4 d6 2. e4 Nf6 3. f3 Nbd7 4. Be3 e5 5. c4 Be7 6. Nc3 O-O
7. Bd3 c5 8. dxc5 Nxc5 9. Nge2 a6 10. O-O Bd7 11. Bc2 b5
12. b4 Ne6 13. Nd5 Bc6 14. Bb3 bxc4 15. Nxf6+ Bxf6 16. Bxc4
Nf4 17. Nc3 Bg5 18. Qd2 Ne6 19. Bxg5 Nxg5 20. Kh1 Qe7 21. Rfd1
Rfd8 22. a4 Ne6 23. b5 axb5 24. axb5 Bb7 25. Nd5 Qe8 26. b6
Rac8 27. Qb4 Nd4 28. Ra2 h5 29. h3 Kh8 30. Nc7 Qe7 31. Bd5
Bxd5 32. exd5 Rxc7 33. bxc7 Qxc7 34. Ra6 Qe7 35. Rb6 Kh7
36. Rc1 h4 37. Rb7 Rd7 38. Rb8 Rc7 39. Qb1+ f5 40. Rxc7 Qxc7
41. Rb7 Qc5 42. Qe1 Kg6 43. Qxh4 Ne2 44. Qe1 Qxd5 45. Rd7 Qd3
46. Kh2 d5 47. Qb4 Qe3 48. Rd6+ Kg5 49. Qe1 d4 50. h4+ Kh5
51. g4+ fxg4 52. fxg4+ Kxg4 53. Rg6+ Kh5 54. Rxg7 Qf4+ 55. Kg2
d3 56. Qf2 Kh6 57. Rg5 Qe4+ 58. Kh2 Nf4 59. Qb6+ Ng6 60. Rxg6+
Qxg6 61. Qe3+ Kh5 62. Qxe5+ Kxh4 63. Qd4+ Kh5 64. Kh3 Kh6
65. Qe3+ Kg7 66. Qe7+ Kg8 67. Qe3 Kf7 68. Kh2 Qd6+ 69. Kg2 d2
70. Qf3+ Ke6 71. Qd1 Qf4 72. Kg1 Kf5 73. Qc2+ Kg4 74. Qd1+ Kh4
75. Kh1 Kg3 76. Qg1+ Kf3 77. Qf2+ Ke4 78. Qe2+ Kd4 79. Kg1
Qe3+ 80. Kf1 Qd3 0-1

[Event "European Individual Championship (Women)"]
[Site "Plovdiv BUL"]
[Date "2008.04.27"]
[EventDate "2008.04.21"]
[Round "7"]
[Result "1-0"]
[White "Kubra Ozturk"]
[Black "Suzana Maksimovic"]
[WhiteElo "2169"]
[BlackElo "2264"]
[PlyCount "123"]

1. d4 Nf6 2. c4 e6 3. Nf3 Bb4+ 4. Nbd2 b6 5. a3 Bxd2+ 6. Bxd2
Bb7 7. Bf4 O-O 8. e3 d6 9. Be2 Nbd7 10. O-O Qe7 11. Bg3 Ne4
12. Nd2 Nxg3 13. hxg3 e5 14. d5 f5 15. Nf3 c5 16. dxc6 Bxc6
17. b4 Rac8 18. Qb3 Kh8 19. Rfd1 Nf6 20. a4 Ne4 21. a5 Qc7
22. Ra2 Rb8 23. Rda1 b5 24. Rc1 Qb7 25. a6 Qb6 26. cxb5 Bxb5
27. Bxb5 Qxb5 28. Nh4 g5 29. Nf3 Qxb4 30. Qe6 Qb6 31. Qe7 Rfc8
32. Rxc8+ Rxc8 33. Nxg5 Qc7 34. Qxc7 Rxc7 35. Nxe4 Rc1+
36. Kh2 fxe4 37. Rb2 Ra1 38. Rb8+ Kg7 39. Rb7+ Kf6 40. Rxa7 h5
41. Ra8 Kg7 42. a7 d5 43. g4 hxg4 44. Kg3 d4 45. exd4 exd4
46. Re8 Rxa7 47. Rxe4 Rd7 48. Kxg4 Kf6 49. Kf4 Rd5 50. Kf3 Kf5
51. Re2 Ra5 52. g4+ Kg5 53. Kg3 d3 54. f4+ Kf6 55. Rd2 Ra3
56. Kf3 Ke6 57. Ke3 Ra1 58. Rxd3 Rg1 59. Kf3 Rf1+ 60. Kg3 Rh1
61. f5+ Kf6 62. Rd6+ 1-0

[Event "European Individual Championship (Women)"]
[Site "Plovdiv BUL"]
[Date "2008.04.29"]
[EventDate "2008.04.21"]
[Round "8"]
[Result "1-0"]
[White "Masha Klinova"]
[Black "Kubra Ozturk"]
[WhiteElo "2318"]
[BlackElo "2169"]
[PlyCount "111"]

1. e4 e5 2. Nf3 Nc6 3. Bc4 Nf6 4. d3 Be7 5. Nbd2 d6 6. Bb3 O-O
7. c3 Be6 8. O-O Qd7 9. Re1 Rfe8 10. Nf1 h6 11. Ng3 Rad8
12. d4 exd4 13. Bxe6 fxe6 14. cxd4 Bf8 15. Bd2 Qf7 16. Qb3 Ng4
17. Bc3 b6 18. h3 Nf6 19. a4 Ne7 20. a5 Ng6 21. axb6 axb6
22. Ra7 Rd7 23. Bd2 d5 24. e5 c5 25. Ra6 Ne4 26. Nxe4 dxe4
27. Rxe4 cxd4 28. Rxb6 Rd5 29. Rb7 Qf5 30. Rxd4 Rxd4 31. Nxd4
Qxe5 32. Be3 Qe4 33. Rb6 Nh4 34. f3 Qg6 35. Qc2 Nxf3+ 36. Kf2
Qxc2+ 37. Nxc2 Rc8 38. Kxf3 Rxc2 39. b4 Rc4 40. b5 Kf7
41. Rb7+ Kf6 42. b6 Bd6 43. Rd7 Be5 44. Rd1 Rb4 45. Rd7 h5
46. Bc5 Rb5 47. Be7+ Kf7 48. Bh4+ Kg6 49. b7 Rb4 50. Be7 Rb3+
51. Ke4 Bb8 52. Bf8 e5 53. Rxg7+ Kf6 54. Rh7 h4 55. Bc5 Kg6
56. Re7 1-0

[Event "European Individual Championship (Women)"]
[Site "Plovdiv BUL"]
[Date "2008.04.30"]
[EventDate "2008.04.21"]
[Round "9"]
[Result "1/2-1/2"]
[White "Maria Kursova"]
[Black "Kubra Ozturk"]
[WhiteElo "2322"]
[BlackElo "2169"]
[PlyCount "61"]

1. d4 d5 2. Nf3 c5 3. c4 dxc4 4. e3 Nc6 5. Bxc4 e6 6. O-O Nf6
7. Qe2 cxd4 8. Rd1 Qc7 9. exd4 Be7 10. Nc3 a6 11. a3 O-O
12. Bg5 b5 13. Ba2 b4 14. Na4 Bb7 15. Qd3 Rfd8 16. Rac1 bxa3
17. bxa3 Qa5 18. Bxf6 Qxa4 19. Bxe7 Nxe7 20. Rc7 Be4 21. Qe2
Nd5 22. Bxd5 Rxd5 23. Rdc1 Bxf3 24. Qxf3 Qe8 25. h3 h6
26. R1c4 Rad8 27. Ra7 Rf5 28. Qb7 Qb5 29. Qxb5 axb5 30. Rb4
Rc8 31. Rb2 1/2-1/2